| 000 | 00865cab a2200217 4500 | ||
|---|---|---|---|
| 001 | ABS67554 | ||
| 008 | 040217n2004 000 0 eng u | ||
| 035 | _a(Sirsi) u125172 | ||
| 100 | _aMurdoch, J. | ||
| 245 | _aReturn to sender | ||
| 260 | _c2004 | ||
| 490 |
_aEstates Gazette _v(0405) 31 January 20 04, 145(1) |
||
| 520 | _aDiscusses a recent case "Tennaro Ltd v Majorarch Ltd" ([2003] EWHC 2601 (Ch), [2003] 47 EG 154 (CS)) which raises a number of issues concerning a contract of sale. Concludes that where a seller could have proceeded with the agreed sale or with a resale without incurring losses, a case can be made for the return of the deposit. | ||
| 590 | _aABS | ||
| 650 | _aTENNARO LTD V MAJORARCH LTD | ||
| 650 | _aCONTRACTS OF SALE | ||
| 650 | _aDEPOSITS | ||
| 650 | _aCOMPLETITION | ||
| 690 | _aPROPERTY LAW AND PRACTICE | ||
| 942 | _n0 | ||
| 999 |
_c74153 _d74153 |
||